000 00761nam a2200205 a 4500
001 000849266
003 AM-YeHGA
005 20250617144954.0
008 111125s1975 r 000 0 rus d
040 _aAM-YeHGA
041 0 _arus
100 1 _aКузьмин, К.Г.
245 1 0 _aСправочник молодого арматурщика-бетонщика /
_cК.Г. Кузьмин, Г.И. Горчаков.
250 _a2-е изд., испр. и доп.
260 _aМосква :
_bВысшая школа,
_c1975.
300 _a288 с. :
_bил.
650 1 4 _aСтроительство из монолитного бетона и железобетона
_vСправочники
700 1 _aГорчаков, Г.И.
090 _c305549
999 _c303846
_d303846